|
|
|
|
| LEADER |
00000nam0a2200000 4500 |
| 001 |
347419 |
| 005 |
20231102010009.0 |
| 010 |
|
|
|a 9785972906635
|
| 035 |
|
|
|a (RuTPU)RU\TPU\book\379312
|
| 090 |
|
|
|a 347419
|
| 100 |
|
|
|a 20220404d2021 m y0rusy50 ca
|
| 101 |
0 |
|
|a rus
|
| 102 |
|
|
|a RU
|
| 105 |
|
|
|a a j 001zy
|
| 200 |
1 |
|
|a Теоретические основы электротехники
|e учебник
|f И. Я. Лизин, К. Н. Маренич, И. В. Ковалева [и др.]
|
| 210 |
|
|
|a Москва
|a Вологда
|c Инфра-Инженерия
|d 2021
|
| 215 |
|
|
|a 623 с.
|c ил.
|
| 320 |
|
|
|a Библиогр.: с. 623
|
| 330 |
|
|
|a Предложены сведения о теоретических основах электротехники. Освещены теория линейных электрических цепей с сосредоточенными параметрами, теория нелинейных электрических и магнитных цепей, а также переходные процессы. Рассмотрена методика решения типовых задач, даны задания для самопроверки и ответы к ним. Для студентов инженерно-технических специальностей.
|
| 606 |
1 |
|
|a Электротехника теоретическая
|2 stltpush
|3 (RuTPU)RU\TPU\subj\20909
|9 45970
|
| 610 |
1 |
|
|a линейные электрические цепи
|
| 610 |
1 |
|
|a элементы
|
| 610 |
1 |
|
|a законы
|
| 610 |
1 |
|
|a электрические цепи постоянного тока
|
| 610 |
1 |
|
|a расчет
|
| 610 |
1 |
|
|a электрические цепи гармонического тока
|
| 610 |
1 |
|
|a электрические цепи с индуктивно-связанными элементами
|
| 610 |
1 |
|
|a несинусоидальные ЭДС
|
| 610 |
1 |
|
|a четырехполюсники
|
| 610 |
1 |
|
|a электрические фильтры
|
| 610 |
1 |
|
|a трехфазные электрические цепи
|
| 610 |
1 |
|
|a нелинейные электрические цепи
|
| 610 |
1 |
|
|a магнитные цепи
|
| 610 |
1 |
|
|a переходные процессы
|
| 610 |
1 |
|
|a анализ
|
| 610 |
1 |
|
|a учебники
|
| 675 |
|
|
|a 621.3.01(075.8)
|v 4
|
| 701 |
|
1 |
|a Лизин
|b И. Я.
|g Игорь Ярославович
|
| 701 |
|
1 |
|a Маренич
|b К. Н.
|g Константин Николаевич
|
| 701 |
|
1 |
|a Ковалева
|b И. В.
|g Инна Владимировна
|
| 701 |
|
1 |
|a Пичко
|b Н. С.
|g Наталья Сергеевна
|
| 701 |
|
1 |
|a Сухарев
|b В. И.
|g Владимир Иванович
|
| 701 |
|
1 |
|a Зубова
|b Я. В.
|g Яна Валерьевна
|
| 801 |
|
1 |
|a RU
|b 63413507
|c 20220404
|
| 801 |
|
2 |
|a RU
|b 63413507
|c 20220602
|g RCR
|
| 942 |
|
|
|c BK
|
| 959 |
|
|
|a 5/20220404
|d 1
|e 950,00
|f ЧЗТЛ:1
|